committee on crime prevention and control : (Record no. 246389)
[ view plain ]
| 000 -LEADER | |
|---|---|
| fixed length control field | 00619nam a22001697a 4500 |
| 003 - CONTROL NUMBER IDENTIFIER | |
| control field | BD-DhUL |
| 005 - DATE AND TIME OF LATEST TRANSACTION | |
| control field | 20190303135709.0 |
| 008 - FIXED-LENGTH DATA ELEMENTS--GENERAL INFORMATION | |
| fixed length control field | 190303s1990 n ||||| |||| 00| 0 eng d |
| 040 ## - CATALOGING SOURCE | |
| Original cataloging agency | BD-DhUL |
| Transcribing agency | BD-DhUL |
| 082 ## - DEWEY DECIMAL CLASSIFICATION NUMBER | |
| Classification number | 341.2325 |
| Item number | UNC |
| 110 2# - MAIN ENTRY--CORPORATE NAME | |
| Corporate name or jurisdiction name as entry element | United Nations. |
| 245 01 - TITLE STATEMENT | |
| Title | committee on crime prevention and control : |
| Remainder of title | report on the eleventh session (Vienna,5-16 February April 1990) ; economic and social council official records, 1993 . supplement no ; 10 / |
| Statement of responsibility, etc. | United Nations. |
| 260 ## - PUBLICATION, DISTRIBUTION, ETC. (IMPRINT) | |
| Place of publication, distribution, etc. | New York : |
| Name of publisher, distributor, etc. | United Nations , |
| Date of publication, distribution, etc. | 1990 . |
| 300 ## - PHYSICAL DESCRIPTION | |
| Extent | v, 271p. ; |
| Dimensions | 27 cm. |
| 650 #0 - SUBJECT ADDED ENTRY--TOPICAL TERM | |
| Topical term or geographic name as entry element | United Nations. |
| 942 ## - ADDED ENTRY ELEMENTS (KOHA) | |
| Source of classification or shelving scheme | |
| Koha item type | Books |
| Price effective from | Date last seen | Permanent Location | Not for loan | Date acquired | Source of classification or shelving scheme | Koha item type | Lost status | Withdrawn status | Copy number | Source of acquisition | Collection code | Damaged status | Shelving location | Barcode | Current Location | Full call number |
|---|---|---|---|---|---|---|---|---|---|---|---|---|---|---|---|---|
| 2019-03-03 | 2019-03-03 | Dhaka University Library | Not For Loan | 2019-03-03 | Books | 1 | gift | Non Fiction | UN Collection | D11905 | Dhaka University Library | 341.2325 UNC |
